000 01052nam a2200277 i 4500
001 000029214
003 DO-SdBNP
005 20231107111248.0
006 a||||gr|||| 00| 0
007 ta
008 110414t2002 dr a 000 0 spa d
040 _aDO-SdBNP
_bspa
_cBNPHU
_erda
082 4 _222
_bR438e
245 0 0 _aRetiro de espiritualidad comunitaria:
_buna nueva manera de ser (dimensión sacerdotal de la iglesia). /
264 _aSanto Domingo :
_bBúho,
_c2002
300 _av. :
_bIlustraciones ;
_c21 cm.
336 _2rdacontent
_atexto
_btxt
337 _2redamedia
_asin mediación
_bn
338 _2rdacarrier
_avolumen
_bnc
500 _aHacia el tercer Plan de Pastoral.
505 _av.1
_tRetiro de espiritualidad comunitaria.--
_tUn nuevo modo de ver: Pueblo Profético.
505 _av.2
_tRetiro de espiritualidad comunitaria.--
_tUna nueva manera de ser (dimensión sacerdotal de la iglesia).
590 _aInventariado 2023 / MF
710 2 _aInstituto Nacional de Pastoral, (República Dominicana)
_976482
942 _2ddc
_cLBS1
999 _c28706
_d28706